Θεσσαλονίκης εγκόλπιον : ιστορία-πολιτισμός-η πόλη σήμερα-γεύσεις-μουσεία-μνημεία-διαδρομές
Αποθηκεύτηκε σε:
| Κύριος συγγραφέας: | |
|---|---|
| Μορφή: | Βιβλίο |
| Γλώσσα: | Greek |
| Δημοσίευση: |
Αθήνα :
Εξάντας,
1997
|
| Θέματα: | |
| Ετικέτες: |
Προσθήκη ετικέτας
Δεν υπάρχουν, Καταχωρήστε ετικέτα πρώτοι!
|
MARC
| LEADER | 00000nam a2200000 i 4500 | ||
|---|---|---|---|
| 001 | 1/73592 | ||
| 008 | 990318s1997 gre d | ||
| 020 | |a 960256301X | ||
| 035 | |l 10048845 | ||
| 040 | |a GR-MY-UA |b gre |e aacr | ||
| 041 | 0 | |a gre | |
| 082 | 0 | |a 914.956 | |
| 100 | 1 | |a Ζαφείρης, Χρίστος Ν., |d 1945- | |
| 245 | 1 | 0 | |a Θεσσαλονίκης εγκόλπιον : |b ιστορία-πολιτισμός-η πόλη σήμερα-γεύσεις-μουσεία-μνημεία-διαδρομές / |c Ζαφείρης Χρίστος |
| 260 | |a Αθήνα : |b Εξάντας, |c 1997 | ||
| 300 | |a 376 σ. |b εικ.; χάρτ. | ||
| 500 | |a Φωτογραφίες:Γιώργος και Γιάννης Ζαρζώνης | ||
| 651 | 0 | |a Thessalonike (Greece) |x Description and travel. | |
| 852 | |a INST |b CHIOS |e 19990318 |h 914.956 ΖΑΦ |p 005200014554 |q 005200014554 |t BK |y 0 | ||
| 901 | |a BIBL-1999-1 | ||
| 909 | |a Χ |b 055638 | ||
| 922 | |a 2ΔΩΡ |b 199903 |d ΜΕΤΑΠΤΥΧΙΑΚΟ ΤΟΥΡΙΣΜΟΥ | ||